Paint and colour

Bibliographic Details
Main Author: Hirschman, Jessica Elin
Other Authors: Street-Porter, Tim
Format: Book
Published: London : Merehurst , 1993
Series:For your home
Subjects:

MARC

LEADER 00000cam a2200000 7i4500
001 0000002856
002 000003091
005 20000330.0
020 |a 1853912980 
090 0 0 |a 747.94   |b HIR 
100 1 |a Hirschman, Jessica Elin 
245 1 0 |a Paint and colour   |c Jessica Elin Hirschman ; photograped by Tim Street-Porter 
260 |a London :   |b Merehurst ,   |c 1993 
300 |a 72 p. :   |b ill. ;   |c 25 cm. 
490 0 |a For your home 
650 0 0 |a Home decoration 
700 0 |a Street-Porter, Tim 
999 |a 035200   |b BUKU   |c PINJAMAN   |e PERPUSTAKAAN KOMUNITI PETALING JAYA 
999 |a 082051   |b BUKU   |c PINJAMAN   |e PERPUSTAKAAN KOMUNITI PETALING JAYA 
999 |a 082052   |b BUKU   |c PINJAMAN   |e PERPUSTAKAAN KOMUNITI PETALING JAYA